000 00782nam a2200241 a 4500
001 BRL_1121
005 20190320211038.0
008 131113s1987----mx-a######---#000-0#spa-#
020 _a9682910757
041 _aspa
044 _amx
050 4 _aM1682
_b.C36 1987
245 1 0 _aCancionero popular mexicano
_cSelección y recopilación de Mario Kuri-Aldana y Vicente Mendoza Martínez.
260 _aMéxico
_bSEP : Dirección General de Culturas Populares
_c1987
300 _a2 v.
_bil.
_c21 cm.
500 _av.1 Au1280 ; v.2 Au1279
650 1 4 _aMúsica popular, canciones, etc.
_zMéxico
_925848
650 1 4 _aBaladas y canciones mexicanas
_925849
700 1 _aKuri-Aldana, Mario
_925850
700 1 _aMendoza Martínez, Vicente
_925851
902 _aGRL
942 _2lcc
_cB
999 _c9933
_d9933